[Event "I HSL seniorke 2019"]
[Site "Mali Lošinj"]
[Date "2019.09.29"]
[Round "3.34"]
[White "Alaber, Maja"]
[Black "Batory, Lucija"]
[Result "1/2-1/2"]
[WhiteElo "1494"]
[BlackElo "1683"]
[PlyCount "134"]
[EventDate "2019.09.28"]
[WhiteTeam "ŠK Ericsson Nikola Tesla, Zagreb"]
[BlackTeam "ŠK Goranka, Ravna Gora"]

1. e4 c5 2. Nc3 Nc6 3. g3 g6 4. Bg2 Bg7 5. Nge2 Nf6 6. O-O O-O 7. d3 d6 8. Be3
Bd7 9. d4 Ng4 10. Rb1 Nxe3 11. fxe3 Bg4 12. Qd2 Bh6 13. Nf4 Qa5 14. a3 Rad8 15.
Qd3 Bxf4 16. Rxf4 f5 17. Qc4+ Kg7 18. h3 Bh5 19. Rh4 cxd4 20. exd4 fxe4 21.
Bxe4 Qg5 22. Qd3 Bf3 23. Kh2 Bxe4 24. Nxe4 Qd5 25. Rd1 Rf5 26. Qe3 h5 27. g4
Re5 28. gxh5 Rxh5 29. Rxh5 Qxh5 30. Rg1 Qd5 31. Ng5 Nxd4 32. Qxd4+ Qxd4 33.
Ne6+ Kf6 34. Nxd4 e5 35. Rf1+ Ke7 36. Re1 Rf8 37. Kg3 Rf4 38. c3 a6 39. Nf3 Rc4
40. Nd2 Rf4 41. Re4 Rf6 42. c4 Ke6 43. Nb3 Rf1 44. Na5 Rb1 45. Re2 b6 46. Nc6
Rc1 47. b3 Rc3+ 48. Kg2 Kd7 49. Nb8+ Kc7 50. Nxa6+ Kb7 51. Nb4 Rxb3 52. Ra2 Rc3
53. Nd5 Rxc4 54. Rb2 Kc6 55. Nxb6 Rc3 56. a4 Ra3 57. h4 d5 58. Nc8 Rxa4 59.
Ne7+ Kc5 60. Kg3 Ra6 61. Rc2+ Kd4 62. Rd2+ Ke4 63. Rxd5 Ra7 64. Rd6 Rxe7 65.
Rxg6 Kf5 66. Rg5+ Kf6 67. Kg4 e4 1/2-1/2

[Event "I HSL seniorke 2019"]
[Site "Mali Lošinj"]
[Date "2019.09.29"]
[Round "3.41"]
[White "Havanecz, Bianka"]
[Black "Salimova, Nurgyul"]
[Result "0-1"]
[WhiteElo "2279"]
[BlackElo "2425"]
[PlyCount "108"]
[EventDate "2019.09.28"]
[WhiteTeam "HAŠK Mladost, Zagreb"]
[BlackTeam "ŠK Liburnija, Rijeka"]

1. d4 Nf6 2. c4 e6 3. Nf3 d5 4. g3 dxc4 5. Bg2 Bd7 6. Ne5 Bc6 7. Nxc6 Nxc6 8.
Qa4 Qd7 9. Bxc6 Qxc6 10. Qxc6+ bxc6 11. O-O Rd8 12. e3 Nd5 13. Bd2 Rb8 14. b3
cxb3 15. axb3 c5 16. Rxa7 cxd4 17. exd4 Rxb3 18. Ba5 Kd7 19. Rc1 Bd6 20. Nd2
Rbb8 21. Ne4 Ra8 22. Rxa8 Rxa8 23. Bd2 Ra4 24. Be3 Ra3 25. Re1 h6 26. h4 Bb4
27. Bd2 Bxd2 28. Nxd2 Rd3 29. Nc4 Rxd4 30. Ne5+ Ke8 31. Ra1 Re4 32. Ra8+ Ke7
33. Nc6+ Kd7 34. Nd8 Re1+ 35. Kg2 c5 36. Nxf7 c4 37. Ra7+ Kc6 38. Ra2 c3 39.
Rc2 Kc5 40. Kf3 Kb4 41. Re2 Rd1 42. Ne5 Kb3 43. Nd7 c2 44. Nc5+ Kb2 45. Nxe6
Kb1 46. Rxc2 Kxc2 47. Nxg7 Kd3 48. Kg4 Ke2 49. Kh5 Kxf2 50. Nf5 Kf3 51. Kxh6
Kg4 52. Kg6 Rf1 53. Nd4 Ne7+ 54. Kh7 Nf5 0-1

[Event "I HSL seniorke 2019"]
[Site "Mali Lošinj"]
[Date "2019.09.29"]
[Round "3.42"]
[White "Saric, Kristina"]
[Black "Blazeka, Mihaela"]
[Result "0-1"]
[WhiteElo "2222"]
[BlackElo "2092"]
[PlyCount "44"]
[EventDate "2019.09.28"]
[WhiteTeam "ŠK Liburnija, Rijeka"]
[BlackTeam "HAŠK Mladost, Zagreb"]

1. d4 Nf6 2. Nc3 d5 3. Bg5 e6 4. e4 dxe4 5. Nxe4 Be7 6. Bxf6 Bxf6 7. Nf3 O-O 8.
c3 b6 9. Bd3 Bb7 10. Qe2 Nd7 11. O-O-O Qe7 12. g4 g6 13. h4 e5 14. dxe5 Bxe5
15. Rhe1 Bf4+ 16. Kb1 Rfe8 17. Bc2 Nc5 18. Rd4 Rad8 19. Qc4 Nxe4 20. Rxd8 Qxd8
21. Rd1 Qe7 22. Ba4 Rd8 0-1

[Event "I HSL seniorke 2019"]
[Site "Mali Lošinj"]
[Date "2019.09.29"]
[Round "3.43"]
[White "Ljikar, Tamara"]
[Black "Spiranec, Noemi"]
[Result "1/2-1/2"]
[WhiteElo "1917"]
[BlackElo "2084"]
[PlyCount "45"]
[EventDate "2019.09.28"]
[WhiteTeam "HAŠK Mladost, Zagreb"]
[BlackTeam "ŠK Liburnija, Rijeka"]

1. e4 e5 2. Nf3 Nc6 3. Bc4 Bc5 4. c3 Nf6 5. d3 O-O 6. O-O d5 7. exd5 Nxd5 8.
Re1 Bg4 9. Nbd2 Nb6 10. Bb5 Bd6 11. Ne4 Re8 12. h3 Bh5 13. Be3 a6 14. Bxc6 bxc6
15. d4 Nd5 16. Ng3 Nxe3 17. Rxe3 Bxf3 18. Qxf3 exd4 19. Rxe8+ Qxe8 20. cxd4
Bxg3 21. Qxg3 Qd7 22. Rc1 Rb8 23. Qc3 1/2-1/2

[Event "I HSL seniorke 2019"]
[Site "Mali Lošinj"]
[Date "2019.09.29"]
[Round "3.44"]
[White "Ivekovic, Tihana"]
[Black "Blazeka, Ivana"]
[Result "1-0"]
[WhiteElo "2131"]
[BlackElo "1564"]
[PlyCount "41"]
[EventDate "2019.09.28"]
[WhiteTeam "ŠK Liburnija, Rijeka"]
[BlackTeam "HAŠK Mladost, Zagreb"]

1. d4 d5 2. c4 e6 3. Nf3 Nf6 4. g3 Be7 5. Bg2 O-O 6. O-O Nbd7 7. Qc2 b6 8. cxd5
Nxd5 9. a3 Bb7 10. e4 N5f6 11. Nc3 c5 12. Rd1 cxd4 13. Nxd4 Rc8 14. Qe2 a6 15.
e5 Nd5 16. Nxd5 exd5 17. Bh3 Rc7 18. e6 Nc5 19. Bf4 Bd6 20. Nf5 Bxf4 21. e7 1-0

[Event "I HSL seniorke 2019"]
[Site "Mali Lošinj"]
[Date "2019.09.29"]
[Round "3.51"]
[White "Repkova, Eva"]
[Black "Lukenda, Tina"]
[Result "1-0"]
[WhiteElo "2315"]
[BlackElo "2047"]
[PlyCount "59"]
[EventDate "2019.09.28"]
[WhiteTeam "ŠK Polet, Buševec"]
[BlackTeam "ŠK Kastav, Kastav"]

1. e4 c6 2. d4 d5 3. Nc3 dxe4 4. Nxe4 Bf5 5. Ng3 Bg6 6. Nf3 Nd7 7. h4 h6 8. Bd3
Bxd3 9. Qxd3 e6 10. Bd2 Ngf6 11. O-O-O Qc7 12. Kb1 O-O-O 13. Ne2 Nc5 14. Qc4 b5
15. Qc3 Nce4 16. Qe3 Nxd2+ 17. Qxd2 Bd6 18. Qd3 Nd5 19. c4 bxc4 20. Qxc4 Kd7
21. Nc3 Rb8 22. Ne4 Rb4 23. Qc2 Rhb8 24. b3 R4b6 25. Nxd6 Qxd6 26. Ne5+ Ke7 27.
Nc4 Qb4 28. Nxb6 Nc3+ 29. Kc1 Nxd1 30. Na4 1-0

[Event "I HSL seniorke 2019"]
[Site "Mali Lošinj"]
[Date "2019.09.29"]
[Round "3.52"]
[White "Dasic, Jelena"]
[Black "Medic, Mirjana"]
[Result "0-1"]
[WhiteElo "1768"]
[BlackElo "2186"]
[PlyCount "50"]
[EventDate "2019.09.28"]
[WhiteTeam "ŠK Kastav, Kastav"]
[BlackTeam "ŠK Polet, Buševec"]

1. e4 e6 2. d4 d5 3. exd5 exd5 4. Bd3 Nf6 5. Bg5 c5 6. c3 cxd4 7. Bb5+ Nc6 8.
Qxd4 Be7 9. Bxc6+ bxc6 10. Nd2 c5 11. Qa4+ Bd7 12. Qc2 O-O 13. Ngf3 Qc8 14. Nb3
Bf5 15. Qd2 Ne4 16. Qf4 Nxg5 17. Nxg5 Bxg5 18. Qxg5 Re8+ 19. Kd2 h6 20. Qg3 d4
21. Rae1 Rd8 22. Kc1 Qa6 23. Qf3 Bg6 24. a3 Qc4 25. Nd2 Qa2 0-1

[Event "I HSL seniorke 2019"]
[Site "Mali Lošinj"]
[Date "2019.09.29"]
[Round "3.53"]
[White "Roklicer, Heike"]
[Black "Vujic, Agata"]
[Result "1-0"]
[WhiteElo "2032"]
[BlackElo "1714"]
[PlyCount "113"]
[EventDate "2019.09.28"]
[WhiteTeam "ŠK Polet, Buševec"]
[BlackTeam "ŠK Kastav, Kastav"]

1. d4 d5 2. c4 dxc4 3. Nf3 Nf6 4. e3 e6 5. Bxc4 a6 6. a4 b6 7. O-O Bb7 8. Nc3
Nbd7 9. Qe2 c5 10. Rd1 Qc7 11. b3 Bd6 12. h3 O-O 13. Bb2 Rfd8 14. Rac1 h6 15.
d5 exd5 16. Nxd5 Nxd5 17. Bxd5 Nf8 18. e4 Qe7 19. Qc4 Bxd5 20. exd5 Qb7 21. Qg4
Ng6 22. Nh4 Kh7 23. Nf5 Bf8 24. Ne3 Rd7 25. h4 Rad8 26. Qe4 Kg8 27. Rd2 Qb8 28.
g3 Ne7 29. Rcd1 Nc8 30. Qg4 Nd6 31. Nf5 Nxf5 32. Qxf5 Qb7 33. g4 b5 34. g5 hxg5
35. hxg5 Qb6 36. Kg2 Qg6 37. Qxg6 fxg6 38. f4 Rf7 39. Be5 Bd6 40. Bxd6 Rxd6 41.
Kf3 Kf8 42. Re2 Re7 43. Re5 bxa4 44. bxa4 c4 45. Ke4 c3 46. Rxe7 Kxe7 47. Rc1
Rb6 48. Rxc3 Rb4+ 49. Ke5 Rxa4 50. Rc7+ Kf8 51. Ra7 Ra1 52. d6 a5 53. Ke6 Re1+
54. Kd7 Ra1 55. Kc8 Rc1+ 56. Rc7 Rd1 57. d7 1-0

[Event "I HSL seniorke 2019"]
[Site "Mali Lošinj"]
[Date "2019.09.30"]
[Round "4.11"]
[White "Cvitan, Ena"]
[Black "Lukenda, Tina"]
[Result "1/2-1/2"]
[WhiteElo "2182"]
[BlackElo "2047"]
[PlyCount "51"]
[EventDate "2019.09.28"]
[WhiteTeam "ŠK Draga, Rijeka"]
[BlackTeam "ŠK Kastav, Kastav"]

1. d4 d5 2. c4 e6 3. Nc3 c6 4. e4 dxe4 5. Nxe4 Nf6 6. Nxf6+ Qxf6 7. Nf3 Bb4+ 8.
Bd2 Bxd2+ 9. Qxd2 Nd7 10. Bd3 c5 11. O-O cxd4 12. Qb4 Qe7 13. Qxe7+ Kxe7 14.
Nxd4 Ne5 15. Be2 Rd8 16. Rad1 Bd7 17. f4 Nc6 18. g3 Nxd4 19. Rxd4 Ba4 20. Rxd8
Rxd8 21. b3 Bc6 22. Rd1 Rxd1+ 23. Bxd1 Kd6 24. b4 b6 25. Kf2 e5 26. Ke3 1/2-1/2

[Event "I HSL seniorke 2019"]
[Site "Mali Lošinj"]
[Date "2019.09.30"]
[Round "4.12"]
[White "Dasic, Jelena"]
[Black "Djukic, Sandra"]
[Result "1/2-1/2"]
[WhiteElo "1768"]
[BlackElo "2179"]
[PlyCount "117"]
[EventDate "2019.09.28"]
[WhiteTeam "ŠK Kastav, Kastav"]
[BlackTeam "ŠK Draga, Rijeka"]

1. e4 c5 2. Nf3 Nc6 3. d3 d6 4. g3 g6 5. Bg2 Bg7 6. O-O Nf6 7. h3 O-O 8. Nc3
Rb8 9. Ne2 b6 10. c3 Bb7 11. Be3 Qd7 12. Nf4 Ne5 13. g4 Nxf3+ 14. Qxf3 e5 15.
Nd5 Nxd5 16. exd5 f5 17. gxf5 gxf5 18. Qh5 Ba6 19. Rfd1 Rbe8 20. Kh1 Rf6 21.
Bg5 Rg6 22. c4 Qf7 23. Rg1 b5 24. Rac1 bxc4 25. dxc4 e4 26. b3 f4 27. Qh4 f3
28. Bf1 Bc8 29. Re1 Bf5 30. Bf4 Rxg1+ 31. Kxg1 Qg6+ 32. Qg3 Bf8 33. Kh2 Kf7 34.
Qxg6+ hxg6 35. Be3 Be7 36. a3 g5 37. b4 Rh8 38. Kg3 Bf6 39. Kh2 Be5+ 40. Kg1
cxb4 41. axb4 g4 42. hxg4 Bxg4 43. Bxa7 Bh2+ 44. Kh1 Be5+ 45. Kg1 Bh2+ 46. Kh1
Bf4+ 47. Kg1 Bd2 48. Rxe4 Bf5 49. Rd4 Rg8+ 50. Kh1 Rh8+ 51. Kg1 Rg8+ 52. Kh1
Bxb4 53. Rf4 Kg6 54. Rxf3 Be4 55. Bd3 Re8 56. Bxe4+ Rxe4 57. Re3 Rxc4 58. Re6+
Kf5 59. Be3 1/2-1/2

[Event "I HSL seniorke 2019"]
[Site "Mali Lošinj"]
[Date "2019.09.30"]
[Round "4.13"]
[White "Bogdanic, Katarina"]
[Black "Vujic, Agata"]
[Result "1-0"]
[WhiteElo "1899"]
[BlackElo "1714"]
[PlyCount "43"]
[EventDate "2019.09.28"]
[WhiteTeam "ŠK Draga, Rijeka"]
[BlackTeam "ŠK Kastav, Kastav"]

1. Nf3 d5 2. c4 dxc4 3. Qa4+ Nc6 4. Qxc4 Nf6 5. g3 a6 6. Bg2 e6 7. O-O Bd6 8.
d4 O-O 9. Nc3 Rb8 10. Rd1 h6 11. e4 Bb4 12. Ne5 Bxc3 13. Nxc6 bxc6 14. Qxc3 Bb7
15. Bf4 Qe7 16. Qa5 Rfc8 17. Rac1 c5 18. d5 exd5 19. exd5 c4 20. d6 Qe2 21.
dxc7 Ng4 22. Qd2 1-0

[Event "I HSL seniorke 2019"]
[Site "Mali Lošinj"]
[Date "2019.09.30"]
[Round "4.14"]
[White "Okanovic, Jasmina"]
[Black "Desnica, Lara"]
[Result "1/2-1/2"]
[WhiteElo "1633"]
[BlackElo "1668"]
[PlyCount "78"]
[EventDate "2019.09.28"]
[WhiteTeam "ŠK Kastav, Kastav"]
[BlackTeam "ŠK Draga, Rijeka"]

1. d4 Nf6 2. Bf4 e6 3. e3 c5 4. c3 b6 5. Nf3 Be7 6. h3 O-O 7. Bd3 d6 8. O-O Ba6
9. Bxa6 Nxa6 10. Nbd2 cxd4 11. cxd4 Rc8 12. a3 Qd7 13. Qe2 Nc7 14. a4 Ncd5 15.
Bh2 Rc2 16. b3 Nc3 17. Qd3 Rc8 18. Kh1 Na2 19. Nc4 Nb4 20. Qd1 Ne4 21. Nfd2
Nxd2 22. Nxd2 Nd3 23. Ne4 Nb4 24. Qf3 d5 25. Ng3 f6 26. Nh5 Bd8 27. Qg4 Nd3 28.
Bg3 Qf7 29. Nf4 Nxf4 30. Bxf4 Rb2 31. Rab1 Rcc2 32. Bg3 e5 33. dxe5 fxe5 34.
Bxe5 Rxf2 35. Rxf2 Rxf2 36. Kg1 Rf5 37. Bd4 Rg5 38. Qe2 Qg6 39. Rf1 Rf5 1/2-1/2

[Event "I HSL seniorke 2019"]
[Site "Mali Lošinj"]
[Date "2019.09.30"]
[Round "4.21"]
[White "Salimova, Nurgyul"]
[Black "Repkova, Eva"]
[Result "1-0"]
[WhiteElo "2425"]
[BlackElo "2315"]
[PlyCount "53"]
[EventDate "2019.09.28"]
[WhiteTeam "ŠK Liburnija, Rijeka"]
[BlackTeam "ŠK Polet, Buševec"]

1. d4 Nf6 2. Nf3 e6 3. g3 b6 4. Bg2 Bb7 5. O-O Be7 6. c4 c5 7. d5 d6 8. dxe6
fxe6 9. Bh3 d5 10. Ng5 dxc4 11. Nxe6 Qxd1 12. Nc7+ Kf7 13. Rxd1 b5 14. a4 b4
15. Be6+ Kg6 16. Nxa8 Bxa8 17. Bxc4 Nc6 18. Bf4 Nh5 19. Bd6 Rd8 20. Bd3+ Kf7
21. Bxe7 Kxe7 22. Nd2 Nf6 23. Nb3 Rd5 24. Rac1 Nd7 25. Bb5 Re5 26. f4 Rh5 27.
e4 1-0

[Event "I HSL seniorke 2019"]
[Site "Mali Lošinj"]
[Date "2019.09.30"]
[Round "4.22"]
[White "Medic, Mirjana"]
[Black "Saric, Kristina"]
[Result "1/2-1/2"]
[WhiteElo "2186"]
[BlackElo "2222"]
[PlyCount "189"]
[EventDate "2019.09.28"]
[WhiteTeam "ŠK Polet, Buševec"]
[BlackTeam "ŠK Liburnija, Rijeka"]

1. d4 Nf6 2. Nf3 e6 3. c4 d5 4. Nc3 dxc4 5. e3 a6 6. Bxc4 b5 7. Bd3 c5 8. O-O
Bb7 9. Qe2 Nbd7 10. Rd1 b4 11. Na4 cxd4 12. exd4 Qa5 13. b3 Bd6 14. Nb2 Qh5 15.
Nc4 Bc7 16. Nfe5 Qxe2 17. Bxe2 Nd5 18. Bf3 f6 19. Nd3 Rb8 20. Re1 Kf7 21. Bd2
N7b6 22. Rac1 Nxc4 23. bxc4 Nc3 24. Bxb7 Rxb7 25. Nxb4 Rxb4 26. Rxc3 Rb2 27.
Be3 Ba5 28. Rcc1 Bxe1 29. Rxe1 Rc8 30. c5 a5 31. a4 Rb4 32. g3 Rxa4 33. Rd1 Rc4
34. d5 exd5 35. Rxd5 a4 36. Rd7+ Kg6 37. Ra7 Rc6 38. Kg2 Re6 39. Kf3 f5 40. h4
h6 41. Kg2 Kf6 42. h5 Re7 43. Ra6+ Re6 44. Ra7 g5 45. hxg6 Kxg6 46. Kf3 h5 47.
Ra8 Kf6 48. Ra7 Ke5 49. Ke2 h4 50. Kd3 Rb4 51. gxh4 Rxh4 52. c6 Rxc6 53. f4+
Ke6 54. Rxa4 Rh3 55. Ra3 Kf7 56. Kd2 Rd6+ 57. Ke2 Re6 58. Kf2 Kg6 59. Bc5 Rxa3
60. Bxa3 Rc6 61. Bb4 Kh5 62. Kf3 Rb6 63. Bc5 Rb3+ 64. Kf2 Kg4 65. Bd6 Rb2+ 66.
Ke3 Kg3 67. Be5 Rb3+ 68. Ke2 Rb4 69. Bd6 Re4+ 70. Kf1 Kf3 71. Be5 Rb4 72. Ke1
Ke3 73. Kf1 Rb1+ 74. Kg2 Re1 75. Bd6 Re2+ 76. Kg3 Ke4 77. Bc7 Ra2 78. Be5 Ke3
79. Bd6 Ra6 80. Be7 Rg6+ 81. Bg5 Ke2 82. Kg2 Rg8 83. Kg3 Rb8 84. Bf6 Rb3+ 85.
Kg2 Ke3 86. Be5 Ke4 87. Kf2 Rf3+ 88. Kg2 Rxf4 89. Bxf4 Kxf4 90. Kf2 Ke4 91. Ke2
f4 92. Kf2 f3 93. Kf1 Ke3 94. Ke1 f2+ 95. Kf1 1/2-1/2

[Event "I HSL seniorke 2019"]
[Site "Mali Lošinj"]
[Date "2019.09.30"]
[Round "4.23"]
[White "Spiranec, Noemi"]
[Black "Roklicer, Heike"]
[Result "1/2-1/2"]
[WhiteElo "2084"]
[BlackElo "2032"]
[PlyCount "80"]
[EventDate "2019.09.28"]
[WhiteTeam "ŠK Liburnija, Rijeka"]
[BlackTeam "ŠK Polet, Buševec"]

1. d4 d5 2. c4 c6 3. Nf3 Nf6 4. Qc2 g6 5. Bf4 Na6 6. a3 Bf5 7. Qc1 Bg7 8. e3
O-O 9. h3 Rc8 10. c5 Nd7 11. Nbd2 Nc7 12. g4 Be6 13. Be2 f6 14. e4 dxe4 15.
Nxe4 Bd5 16. Bc4 Kh8 17. Bxd5 Nxd5 18. Bh6 e5 19. Bxg7+ Kxg7 20. dxe5 Nxe5 21.
Nxe5 fxe5 22. Qg5 Qxg5 23. Nxg5 Nf4 24. O-O-O Rfd8 25. Kc2 Rd5 26. Ne4 Rcd8 27.
h4 Rxd1 28. Rxd1 Rxd1 29. Kxd1 b6 30. cxb6 axb6 31. b4 b5 32. Kd2 h6 33. Nc5
Kf7 34. Ke3 Ke7 35. Ke4 Kd6 36. Nb7+ Kc7 37. Na5 Kd6 38. Nb7+ Kc7 39. Nc5 Kd6
40. Nb7+ Kc7 1/2-1/2

[Event "I HSL seniorke 2019"]
[Site "Mali Lošinj"]
[Date "2019.09.30"]
[Round "4.24"]
[White "Dejanovic, Tereza"]
[Black "Ivekovic, Tihana"]
[Result "1/2-1/2"]
[WhiteElo "1854"]
[BlackElo "2131"]
[PlyCount "41"]
[EventDate "2019.09.28"]
[WhiteTeam "ŠK Polet, Buševec"]
[BlackTeam "ŠK Liburnija, Rijeka"]

1. e4 c5 2. c3 Nf6 3. e5 Nd5 4. d4 cxd4 5. cxd4 d6 6. Nf3 Nc6 7. Bc4 Nb6 8. Bb5
dxe5 9. Bxc6+ bxc6 10. Nxe5 Be6 11. O-O Bd5 12. Nc3 g6 13. Be3 Bg7 14. Rc1 Rc8
15. b3 O-O 16. Nxd5 cxd5 17. Nd3 Re8 18. Qd2 Qd7 19. Nc5 Qf5 20. Rc3 Nd7 21.
Rfc1 1/2-1/2

[Event "I HSL seniorke 2019"]
[Site "Mali Lošinj"]
[Date "2019.09.30"]
[Round "4.31"]
[White "Smetisko, Marija"]
[Black "Havanecz, Bianka"]
[Result "0-1"]
[WhiteElo "1845"]
[BlackElo "2279"]
[PlyCount "64"]
[EventDate "2019.09.28"]
[WhiteTeam "ŠK Ericsson Nikola Tesla, Zagreb"]
[BlackTeam "HAŠK Mladost, Zagreb"]

1. e4 e5 2. Nf3 Nc6 3. Bc4 Bc5 4. Nc3 Nf6 5. a3 d6 6. h3 O-O 7. d3 h6 8. Na4
Bb6 9. Nxb6 axb6 10. O-O Ne7 11. Nh4 d5 12. exd5 Nfxd5 13. Qf3 Qd6 14. Qg3 Nf4
15. Re1 Neg6 16. Be3 Kh7 17. Nxg6 fxg6 18. Rad1 c5 19. Bd2 Bd7 20. Bc3 Rae8 21.
Re3 b5 22. Ba2 b4 23. axb4 cxb4 24. Bd2 Rf5 25. h4 Bc6 26. f3 g5 27. h5 Ref8
28. Qe1 Nxg2 29. Kxg2 Rxf3 30. Re4 Qd7 31. Qh1 Bxe4 32. dxe4 Qg4+ 0-1

[Event "I HSL seniorke 2019"]
[Site "Mali Lošinj"]
[Date "2019.09.30"]
[Round "4.32"]
[White "Blazeka, Mihaela"]
[Black "Vodopija, Irina"]
[Result "1-0"]
[WhiteElo "2092"]
[BlackElo "1704"]
[PlyCount "71"]
[EventDate "2019.09.28"]
[WhiteTeam "HAŠK Mladost, Zagreb"]
[BlackTeam "ŠK Ericsson Nikola Tesla, Zagreb"]

1. e4 c6 2. d4 d5 3. Nc3 dxe4 4. Nxe4 Nd7 5. Nf3 e6 6. Bd3 Ngf6 7. Ng3 Be7 8.
O-O O-O 9. c4 b6 10. Qe2 Bb7 11. Rd1 Qc7 12. Bd2 Rfe8 13. Bc3 c5 14. b3 Rad8
15. Bc2 cxd4 16. Nxd4 Bc5 17. b4 Bxd4 18. Bxd4 e5 19. Be3 Qc6 20. f3 a6 21. Nf5
e4 22. f4 Re6 23. Nd4 Qc7 24. Nxe6 fxe6 25. Bb3 Kh8 26. h3 e5 27. Qf2 h6 28.
Rd2 Re8 29. Rad1 h5 30. c5 Nf8 31. Rd6 Ng6 32. fxe5 Nxe5 33. Bh6 Rf8 34. Bf4
Ng6 35. Rxf6 e3 36. Rxf8+ 1-0

[Event "I HSL seniorke 2019"]
[Site "Mali Lošinj"]
[Date "2019.09.30"]
[Round "4.33"]
[White "Samardzic, Ana"]
[Black "Ljikar, Tamara"]
[Result "0-1"]
[WhiteElo "1618"]
[BlackElo "1917"]
[PlyCount "44"]
[EventDate "2019.09.28"]
[WhiteTeam "ŠK Ericsson Nikola Tesla, Zagreb"]
[BlackTeam "HAŠK Mladost, Zagreb"]

1. e4 c5 2. Nc3 e6 3. g3 Nc6 4. Bg2 g6 5. d3 Bg7 6. Nce2 Nge7 7. c3 d5 8. h3
O-O 9. Be3 b6 10. d4 cxd4 11. Nxd4 Bb7 12. Nxc6 Bxc6 13. exd5 Nxd5 14. Nf3 Nxe3
15. fxe3 Qc7 16. Kf2 Rad8 17. Qe2 Bd5 18. Rhd1 Bc4 19. Qc2 Bh6 20. Nd4 Bxe3+
21. Kxe3 Qxg3+ 22. Nf3 f5 0-1

[Event "I HSL seniorke 2019"]
[Site "Mali Lošinj"]
[Date "2019.09.30"]
[Round "4.34"]
[White "Blazeka, Ivana"]
[Black "Alaber, Maja"]
[Result "1/2-1/2"]
[WhiteElo "1564"]
[BlackElo "1494"]
[PlyCount "90"]
[EventDate "2019.09.28"]
[WhiteTeam "HAŠK Mladost, Zagreb"]
[BlackTeam "ŠK Ericsson Nikola Tesla, Zagreb"]

1. e4 c5 2. Nf3 e6 3. d4 Nf6 4. Nc3 d5 5. exd5 Nxd5 6. Nxd5 Qxd5 7. Be3 Nc6 8.
dxc5 Qe4 9. Qd3 Qb4+ 10. Qc3 Qxc3+ 11. bxc3 g6 12. Bb5 Bg7 13. Bd4 f6 14. O-O
O-O 15. Bc4 Kh8 16. Rfe1 e5 17. Be3 Bf5 18. Bb3 Rfe8 19. Rad1 Bf8 20. Rd5 a5
21. a4 Rec8 22. Nh4 Ne7 23. Rd6 Ng8 24. Rb6 Bxc5 25. Bxc5 Rxc5 26. Nxf5 gxf5
27. Rxb7 Rxc3 28. Rb6 Kg7 29. f3 f4 30. Re2 Nh6 31. Rd2 Rc7 32. Rdd6 Rf8 33.
Ra6 Kg6 34. Rxa5 Nf5 35. Rd2 Nd4 36. Ra6 Rb8 37. Kf2 Nxb3 38. cxb3 Rxb3 39. a5
Ra3 40. Ke1 Rc5 41. Rdd6 Ra1+ 42. Ke2 Ra2+ 43. Kd1 Ra1+ 44. Kd2 Ra2+ 45. Kd1
Ra1+ 1/2-1/2

[Event "I HSL seniorke 2019"]
[Site "Mali Lošinj"]
[Date "2019.09.30"]
[Round "4.41"]
[White "Ivekovic, Ana"]
[Black "Krivec, Jana"]
[Result "0-1"]
[WhiteElo "2054"]
[BlackElo "2203"]
[PlyCount "114"]
[EventDate "2019.09.28"]
[WhiteTeam "ŠD Sisak, Sisak"]
[BlackTeam "ŠK Goranka, Ravna Gora"]

1. d4 d5 2. c4 dxc4 3. Nc3 a6 4. a4 Nc6 5. Nf3 Na5 6. Bf4 Nf6 7. e3 c6 8. Ne5
Be6 9. Be2 g6 10. O-O Bg7 11. Qc2 O-O 12. Rfd1 Nd5 13. Bg3 Nb4 14. Qb1 Qb6 15.
Ne4 Bxe5 16. Bxe5 Nb3 17. Ra3 f6 18. Bg3 Rfd8 19. Rxb3 cxb3 20. Nc5 Bf7 21. Qe4
e5 22. Qh4 exd4 23. exd4 Nd5 24. Ne4 Re8 25. Nxf6+ Nxf6 26. Qxf6 Rxe2 27. Be5
Rxe5 28. dxe5 Rf8 29. e6 Be8 30. Qh4 Qc5 31. h3 g5 32. Qg3 Qe7 33. Qxb3 Rf6 34.
Re1 Kg7 35. Qe3 h6 36. h4 gxh4 37. Qe4 h3 38. Qg4+ Kf8 39. Qxh3 Bf7 40. Re3
Rxe6 41. Rg3 Qc5 42. Qh4 Re1+ 43. Kh2 Qh5 44. Qxh5 Bxh5 45. Rh3 Bf7 46. Rxh6
Re2 47. Rf6 Rxb2 48. g4 Rb4 49. g5 Kg7 50. f4 Rxa4 51. Kg3 a5 52. Rd6 Rb4 53.
f5 a4 54. Rh6 a3 55. f6+ Kg8 56. g6 Bxg6 57. Rxg6+ Kf7 0-1

[Event "I HSL seniorke 2019"]
[Site "Mali Lošinj"]
[Date "2019.09.30"]
[Round "4.42"]
[White "Starcevic, Andrea"]
[Black "Kuhar, Larisa"]
[Result "0-1"]
[WhiteElo "1888"]
[BlackElo "1998"]
[PlyCount "98"]
[EventDate "2019.09.28"]
[WhiteTeam "ŠK Goranka, Ravna Gora"]
[BlackTeam "ŠD Sisak, Sisak"]

1. d4 Nf6 2. Bg5 c5 3. Bxf6 gxf6 4. dxc5 Qa5+ 5. Nc3 Qxc5 6. Qd2 Bg7 7. e3 f5
8. Nge2 d6 9. Qd5 Na6 10. Qxc5 Nxc5 11. Nd5 Kd8 12. O-O-O Ne4 13. Rg1 Nxf2 14.
Re1 Bd7 15. Nef4 e6 16. Nb4 Ke7 17. g3 a5 18. Nbd3 Ne4 19. Bg2 Bc6 20. Re2 Rac8
21. Nf2 Bb5 22. Nxe4 Bxe2 23. Nxd6 Kxd6 24. Nxe2 Rc7 25. Nd4 Bxd4 26. exd4 Rhc8
27. c3 b5 28. Kd2 b4 29. Rc1 a4 30. Bf1 a3 31. c4 axb2 32. Rb1 Ra8 33. Rxb2 Ra4
34. Ke3 Rca7 35. c5+ Kc6 36. Bc4 Ra8 37. Kf4 Rg8 38. Ke5 Rg4 39. Rd2 Ra7 40.
Bf1 Rd7 41. Bg2+ Kc7 42. Bf3 f6+ 43. Kxe6 Rgxd4 44. Rb2 Rd3 45. Bh1 R7d4 46.
Kxf5 Rd2 47. Rb3 Rxh2 48. Bf3 Rxa2 49. Re3 Ra3 0-1

[Event "I HSL seniorke 2019"]
[Site "Mali Lošinj"]
[Date "2019.09.30"]
[Round "4.43"]
[White "Ivekovic, Zvjezdana"]
[Black "Klaric, Nikolina"]
[Result "1/2-1/2"]
[WhiteElo "1779"]
[BlackElo "1731"]
[PlyCount "167"]
[EventDate "2019.09.28"]
[WhiteTeam "ŠD Sisak, Sisak"]
[BlackTeam "ŠK Goranka, Ravna Gora"]

1. d4 d5 2. c4 e6 3. Nf3 Nf6 4. g3 c6 5. Bg2 Nbd7 6. Qc2 Bd6 7. O-O O-O 8. Nbd2
Re8 9. Re1 e5 10. cxd5 Nxd5 11. dxe5 Nxe5 12. Nxe5 Bxe5 13. Nc4 Bc7 14. Rd1 Qe7
15. e4 Nb6 16. Ne3 Be6 17. Bd2 Rad8 18. a3 Be5 19. Rab1 Bd4 20. a4 a6 21. a5
Nc8 22. Kh1 h5 23. f4 h4 24. f5 Bd7 25. Nc4 hxg3 26. Bf4 Bxf5 27. exf5 gxh2 28.
Bxh2 Qh4 29. Bf3 Nd6 30. Nxd6 Rxd6 31. Qg2 Rh6 32. Rxd4 Qxd4 33. Rd1 Qc5 34.
Bg4 Qxa5 35. Kg1 Qc5+ 36. Kf1 Qc4+ 37. Kg1 Qc5+ 38. Kf1 Qc4+ 39. Kg1 Rh4 40.
Bf3 Qc5+ 41. Kf1 Qxf5 42. Bg3 Rc4 43. Bf2 Rf4 44. Be2 Qc2 45. Bf3 Qf5 46. Be2
b5 47. Qh2 g6 48. Bd3 Qf6 49. Rd2 c5 50. Kg2 Qg5+ 51. Kf1 c4 52. Bc2 b4 53. Ba4
Re5 54. Bd1 Ref5 55. Re2 Rh4 56. Qb8+ Kg7 57. Qb7 Rh2 58. Qe4 Qh5 59. Ke1 Rh1+
60. Kd2 c3+ 61. bxc3 bxc3+ 62. Kc2 Rh3 63. Qd4+ Kh7 64. Re8 Rxf2+ 65. Qxf2 Rh2
66. Bxh5 Rxf2+ 67. Re2 Rf4 68. Bxg6+ fxg6 69. Kxc3 Kg7 70. Re6 Rf6 71. Re5 Kf7
72. Kd4 Re6 73. Rd5 Kf6 74. Rd8 Kf5 75. Rf8+ Rf6 76. Rg8 g5 77. Ke3 g4 78. Kf2
Rg6 79. Rf8+ Kg5 80. Kg3 Rc6 81. Rg8+ Kf5 82. Rf8+ Rf6 83. Rg8 a5 84. Ra8
1/2-1/2

[Event "I HSL seniorke 2019"]
[Site "Mali Lošinj"]
[Date "2019.09.30"]
[Round "4.44"]
[White "Batory, Lucija"]
[Black "Turk, Vesna"]
[Result "1-0"]
[WhiteElo "1683"]
[BlackElo "1694"]
[PlyCount "91"]
[EventDate "2019.09.28"]
[WhiteTeam "ŠK Goranka, Ravna Gora"]
[BlackTeam "ŠD Sisak, Sisak"]

1. e4 c5 2. c3 e6 3. Nf3 d5 4. exd5 Qxd5 5. d4 Nf6 6. Bd3 c4 7. Bc2 Be7 8. b3
O-O 9. Bf4 Nc6 10. bxc4 Qxc4 11. Bd3 Qd5 12. O-O Qd8 13. Qb3 b6 14. Nbd2 Bb7
15. Rac1 Nh5 16. Be3 Nf6 17. Bb1 Rc8 18. Qc2 g6 19. Ng5 Ng4 20. Nge4 Nf6 21.
Nxf6+ Bxf6 22. Ne4 Bg7 23. Qd3 Qe7 24. Bg5 f6 25. Bh4 Rfd8 26. f4 Rd5 27. a4 e5
28. Ba2 Na5 29. Bxd5+ Bxd5 30. Rfe1 Bc4 31. Qf3 Rf8 32. fxe5 Qb7 33. Nxf6+ Kh8
34. Qh3 Bh6 35. Rcd1 Bb3 36. Rd3 Bc2 37. Rf3 Bf5 38. g4 Bc8 39. e6 Nc6 40. g5
Bg7 41. Bg3 Bxf6 42. Rxf6 Qe7 43. Rf7 Qxf7 44. exf7 Bxh3 45. d5 Na5 46. Be5#
1-0